Airlines at LHR - Statistics

General Stats
  • This quiz has been taken 380 times
  • The average score is 50 of 85
Answer Stats
Answer % Correct
British Airways
94%
United
93%
American Airlines
92%
Air France
91%
Delta
91%
Emirates
91%
KLM
88%
Aer Lingus
86%
Air Canada`
86%
Iberia
84%
Qantas
84%
Air China
83%
Lufthansa
83%
Qatar
82%
Aeroflot
80%
Air India
80%
Etihad
80%
China Southern
78%
Finnair
76%
TAP Portugal
76%
Virgin Atlantic
76%
Japan Airlines
75%
Singapore Airlines
75%
Alitalia
74%
China Eastern
74%
Aeromexico
73%
All Nippon Airways
73%
Korean Air
73%
SAS
73%
Swiss International Airlines
73%
LATAM
71%
Turkish Airlines
71%
Cathay Pacific
69%
Ethiopian
69%
LOT
69%
Royal Air Maroc
69%
Thai Airways
69%
Aegean
68%
Saudia
68%
Egyptair
66%
Avianca
63%
Royal Jordanian
63%
El Al
62%
Austrian
61%
Air New Zealand
60%
Asiana Airlines
58%
Brussels Airlines
58%
Icelandair
58%
South African Airways
58%
Malaysia Airlines
56%
Gulf Air
54%
Garuda Indonesia
51%
Oman Air
51%
Pakistan International Airlines
51%
Vietnam Airlines
51%
Air Algerie
49%
EVA Air
49%
Air Serbia
47%
Iran Air
46%
Air Malta
45%
Biman
45%
Kuwait Airways
45%
Kenya Airways
44%
TAROM
44%
Vueling
44%
Eurowings
43%
Royal Brunei
41%
Air Astana
40%
Air Mauritius
40%
Philippine Airlines
40%
Middle East Airlines
39%
Sri Lankan Airlines
39%
Hainan Airlines
38%
Tunisair
38%
Croatia Airlines
36%
Flybe
36%
Uzbekistan Airways
31%
Bulgaria Air
28%
Jet Airways
26%
Turkmenistan Airlines
26%
Beijing Capital Airlines
12%
Arik Air
11%
Tianjian Airlines
7%
Azerbajian Airlines
6%
Cobalt Air
6%
No matching quizzes found
Score Distribution
Percent of People with Each Score
Percentile by Number Answered
Your Score History
You have not taken this quiz